Medzinárodné hodnotenie krajín EU podľa vybraných štruktúrnych ukazovateľov diplomová práca

Salvato in:
Dettagli Bibliografici
Autore principale: Hrudková, Petra
Ente Autore: Fakulta hospodárskej informatiky EU. Katedra štatistiky
Altri autori: Vojtková, Mária, 1966-
Natura: Libro
Lingua:slovacco
Pubblicazione: Bratislava 2010
Tags: Aggiungi Tag
Nessun Tag, puoi essere il primo ad aggiungerne!!

MARC

LEADER 00000nam$a2200000$$$4500
001 0118823
005 20240318122654.6
041 0 |a slo 
044 |a SK 
245 1 0 |a Medzinárodné hodnotenie krajín EU podľa vybraných štruktúrnych ukazovateľov  |b diplomová práca  |c Petra Hrudková ; škol. Mária Vojtková 
264 1 |a Bratislava  |c 2010 
300 |a 70 s. 
100 1 |a Hrudková, Petra 
700 1 |a Vojtková, Mária, 1966- 
710 2 |a Fakulta hospodárskej informatiky EU. Katedra štatistiky